Marta y Jorge

Gespeichert in:
Bibliographische Detailangaben
1. Verfasser: Ribas, Federico, Ilustrador
Weitere Verfasser: Vigil, Constancio Autor
Format: keine Angabe
Sprache:Spanisch
Erschienen: 2-Buenos Aires,Argentina Editorial Atlántida SA c1927
Ausgabe:20ª
Katalog:MANES:  Suchergebnis im Bibliothekskatalog
Schulbuchspezifische Eigenschaften:
Tags: Tag hinzufügen
Keine Tags, Fügen Sie den ersten Tag hinzu!
Hinzugefügt zu:26.04.2016

MARC

LEADER 000000000a22000000004500
001 15161
003 OSt
008 160427s sp ||||| |||| 00| 0 spa d
041 1 |a spa 
040 |c centro_manes 
691 7 |a PRI 
100 1 |a Ribas, Federico, Ilustrador  |9 11168 
690 0 |a EyL 
700 1 |a Vigil, Constancio  |b Autor  |9 10176 
245 0 0 |a Marta y Jorge 
250 |a 20ª 
260 3 |a 2-Buenos Aires,Argentina  |b Editorial Atlántida SA  |c c1927 
300 |a 156 p.  |c 14 x 23 cm 
500 |a La vigésima edición corresponde al año 1946, en la segunda página del libro se aclara especialmente que es de 100.000 ejemplares, mencionando todas las ediciones del libro. Libro de tapas duras, con ilustraciones a color que acompañan el texto, de fuerte tono moralista. 
942 |2 ddc  |c BK 
546 |a Argentina 
999 |c 21135  |d 21135 
999 |c manes:21135  |d 21135